000 01230nam a22002417a 4500
008 230616s2022 xxk|||||o|||| 00| 0 eng d
020 _a9781783214662
041 _aeng
100 _aVarriale, Fabrizio
110 _aRoyal Institution of Chartered Surveyors
245 _aUK commercial real estate impact report
_h[Electronic resource]
260 _aLondon,
_bRoyal Institution of Chartered Surveyors,
_cMarch 2022
300 _a38p.
490 _aRICS Research
520 _aThis report emphasises the key role that the commercial property sector currently plays in the UK, as well as highlighting it’s future role in driving forward economic recovery; delivering regeneration and opportunity for all UK communities; and achieving sustainability targets. RICS is committed to building on this important research in partnership with the profession, government and stakeholders
650 _aCOMMERCIAL PROPERTY
650 _aPROPERTY MARKET
651 _aUnited Kingdom
690 _96307
_aBuilt Environment
710 _aRoyal Institution of Chartered Surveyors
856 _uhttps://www.rics.org/news-insights/market-surveys/rics-commercial-real-estate-impact-report
_zAvailable free on RICS.org
942 _n0
999 _c121541
_d121541